000 00655nam a2200193Ii 4500
003 JO-AjNU
008 230605s9999||||xx |||||||||||||| ||und||
040 _aJO-AjNU
_bara
_erda
_cJO-AjNU
041 _aara
050 1 4 _aGV362.I27 1980
100 3 _a اعداد سلامة، ابراهيم احمد,
_eauthor
_939042
245 0 0 _aمناهج البحث في التربية البدنية
264 3 1 _aالقاهرة: دار المعارف، 1980
300 _a159ص
336 _atext
_btxt
_2rdacontent
337 _aunmediated
_bn
_2rdamedia
338 _avolume
_bnc
_2rdacarrier
650 4 _aالتربية البدنية-مناهج بحث
_939043
999 _aA16455
_c20023
_d20023